| 000 | 01004nas a2200313 4500 | ||
|---|---|---|---|
| 001 | BR2019000164 | ||
| 003 | BR-BrBNA | ||
| 005 | 20231205131540.0 | ||
| 007 | ta | ||
| 008 | 230509b bl.|||p| |||| 00| 00por d | ||
| 040 |
_aBR-BrBNA _bpor _cBiblioteca Nacional de Agricultura |
||
| 041 | _a(En) | ||
| 072 | _aF60; F04 | ||
| 100 | 1 | _aLira, R.M. | |
| 100 | 1 | _aSilva, E.F.F. | |
| 100 | 1 | _aSilva, G.F. | |
| 100 | 1 | _aSoares, H.R. | |
| 100 | 1 | _aWilladino, L.G. | |
| 245 | 1 | _aGrowth, water consumption and mineral composition of watercress under hydroponic system with brackish water | |
| 650 | _aAGRIÃO | ||
| 650 | _aCULTIVO HIDROPÔNICO | ||
| 650 | _aSALINIDADE | ||
| 650 | _aSOLUÇÃO NUTRITIVA | ||
| 650 | _aANÁLISE QUÍMICA | ||
| 773 | 0 |
_tHorticultura Brasileira (Brazil) _xISSN 1806-9991 _g(Jan-Mar 2018), v. 36(1) p. 13-19 _wBR2019000164 |
|
| 856 | 4 | 0 | _uhttp://www.scielo.br/pdf/hb/v36n1/1806-9991-hb-36-01-13.pdf |
| 909 |
_a202311 _bLúcia _c55 _dLúcia Elande |
||
| 942 |
_2AGRIS _n0 _cANA |
||
| 999 |
_c255399 _d255399 |
||